Die Deutsche Plastik (Record no. 7992)

MARC details
000 -CABECERA
campo de control de longitud fija 01209nam a2200301 a 4500
001 - NÚMERO DE CONTROL
campo de control BRCA_8324
005 - FECHA Y HORA DE LA ÚLTIMA TRANSACCIÓN
campo de control 20190320210228.0
008 - DATOS DE LONGITUD FIJA--INFORMACIÓN GENERAL
campo de control de longitud fija 300614m19241929gw-a###f##---#001-0#ger-#
041 ## - CÓDIGO DE LENGUA
Código de lengua del texto/banda sonora o título independiente ger
044 ## - CÓDIGO DEL PAÍS DE LA ENTIDAD EDITORA/PRODUCTORA
Código MARC del país gw
050 #4 - SIGNATURA TOPOGRÁFICA DE LA BIBLIOTECA DEL CONGRESO
Número de clasificación NB180
Número de documento/Ítem .P56 1924
100 1# - ENTRADA PRINCIPAL--NOMBRE DE PERSONA
Nombre de persona Pinder, Wilhelm
9 (RLIN) 20791
245 10 - MENCIÓN DE TÍTULO
Título Die Deutsche Plastik
Resto del título vom ausgehenden mittelalter bis zum ende der Renaissance
Mención de responsabilidad, etc. von Wilhelm Pinder ; begründet von Fritz Burger ; herausgegeben von A. E. Brinckmann.
260 ## - PUBLICACIÓN, DISTRIBUCIÓN, ETC.
Lugar de publicación, distribución, etc. Alemania
Nombre del editor, distribuidor, etc. Akademische Verlagsgesellschaft Athenaion
Fecha de publicación, distribución, etc. 1924-1929
300 ## - DESCRIPCIÓN FÍSICA
Extensión 2 v.
Otras características físicas il. (algunas a color), 8 láminas
Dimensiones 29 cm.
440 #0 - MENCIÓN DE SERIE/PUNTO DE ACCESO ADICIONAL--TÍTULO
Título Handbuch der Kunstwissenschaft
9 (RLIN) 20792
500 ## - NOTA GENERAL
Nota general Dos ejemplares consecutivos inventariados por el Banco de México como un solo libro
500 ## - NOTA GENERAL
Nota general Incluye índice de ilustraciones
500 ## - NOTA GENERAL
Nota general R33
505 0# - NOTA DE CONTENIDO CON FORMATO
Nota de contenido con formato v.1 Tomo I año 1924 (páginas 1-242).-- v.2 Tomo II año 1929 (páginas 243-512)
650 14 - PUNTO DE ACCESO ADICIONAL DE MATERIA--TÉRMINO DE MATERIA
Término de materia o nombre geográfico como elemento de entrada Escultura alemana
9 (RLIN) 10304
650 14 - PUNTO DE ACCESO ADICIONAL DE MATERIA--TÉRMINO DE MATERIA
Término de materia o nombre geográfico como elemento de entrada Artes plásticas
Subdivisión general Edad Media
Subdivisión geográfica Alemania
9 (RLIN) 20793
650 14 - PUNTO DE ACCESO ADICIONAL DE MATERIA--TÉRMINO DE MATERIA
Término de materia o nombre geográfico como elemento de entrada Artes plásticas
Subdivisión general Renacimiento
Subdivisión geográfica Alemania
9 (RLIN) 20794
700 1# - PUNTO DE ACCESO ADICIONAL--NOMBRE DE PERSONA
Nombre de persona Burger, Fritz
9 (RLIN) 20795
700 1# - PUNTO DE ACCESO ADICIONAL--NOMBRE DE PERSONA
Nombre de persona Brinckmann, A. E.
Término indicativo de función/relación ed.
9 (RLIN) 20796
902 ## - CATALOGADOR
Iniciales GFM
942 ## - ELEMENTOS DE PUNTO DE ACCESO ADICIONAL (KOHA)
Fuente del sistema de clasificación o colocación Library of Congress Classification
Tipo de ítem Koha Libros
Holdings
Estado de retiro Estado de pérdida Estado dañado No para préstamo Localización permanente Ubicación/localización actual Fecha de adquisición Número de inventario Total de préstamos Signatura topográfica completa Código de barras Fecha visto por última vez Precio válido a partir de Tipo de ítem Koha
El ejemplar forma parte de la colección y puede ser consultado según las políticas vigentes.       Biblioteca del Museo Franz Mayer (Rogerio Casas-Alatriste) Biblioteca del Museo Franz Mayer (Rogerio Casas-Alatriste) 30/06/2014 R33   NB180 .P56 1924 (R33) 8948 22/03/2019 22/03/2019 Libros